01406nam a2200277 a 450000100100000000500170001000800410002704000250006808200180009310000460011124500750015726000480023230000280028050400280030850002710033659000250060765000440063265000490067665000400072565000260076565000440079191000380083595201160087395201220098999900170111100002736820240226143926.0110331s1970 dr a r 000 | spa d aDO-SdBNPbspacBNPHU a027.84bC762t1 aContín, Silvestre Emilio,d1904-93448510aTratado sobre organización de archivos /cSilvestre Emilio Contín. aSanto Domingo :bImprenta Núñez,c1970. a184 p. :bil. ;c22 cm. aBibliografía : p.180. aEn la portada: Curso completo sobre la técnica moderna de organizar y archivar correspondencia y documentos. Archivos de Oficinas del Estado; Archivos de Partidos Políticos; Archivos de Oficinas de Profesionales y Archivos de Empresas Industriales y Comerciales. aInventariado,2018/DG 4aEnseñanza de la archivología954444 4aOrganización de archivos de oficina954445 4aAdministración de archivos954446 4aArchivología954447 4aArchivoszRepública Dominicana954448 aValidado. Control de calidad. EMS 0010718PDaPDbPDcHDd2011-03-31iLF1l0o027.84 C762tp27368-10r2020-06-25w2020-06-25yLFPDZNo se presta 0010718PDaPDbPDcHDd2011-04-06iLF1l0o027.84 C762tp27368-20r2020-06-25te. 2w2020-06-25yLFPDZNo se presta c26860d26860